01122 a2200217 4500003000500000005001700005010001700022020001500039020001800054035002100072035002400093040000900117082001600126100001900142245007200161260006300233300003500296505045500331650003500786856008300821Nust20220816114218.0 a 2008004786 a0130304972 a9780130304971 a(OCoLC)191865672 a(OCoLC)ocn191865672 cNust00a621.382,RIC1 aRice, Michael.10aDigital communications :ba discrete-time approach /cMichael Rice. aUpper Saddle River, N.J. :bPearson/Prentice Hall,cc2009. axxii, 778 p. :bill. ;c25 cm. aIntroduction (Page-1), Signals and Systems 1: A Review of the Basics (Page-23), Signals and Systems 2: Some Useful Discrete Time Techniques (Page-114), A Review of Probability Theory (Page-178), Linear Modulation 1: Modulation, Demodulation and Detection (Page-214), Linear Modulation 2: Performance (Page-305), Carrier Phase Synchronization (Page-359), Symbol Timing Synchronization (Page-434), System Components (Page-519, System Design (Page-604), 0aTelecommunication Engineering.413Table of contents onlyuhttp://www.loc.gov/catdir/toc/ecip0810/2008004786.html